Statistics for Twisted Wonderland - Character Quiz

Click here to take the quiz!

General Stats

  • This quiz has been taken 176 times
  • The average score is 19 of 28

Answer Stats

Answer% Correct
Deuce Spade
88%
Riddle Rosehearts
88%
Ace Trappola
87%
Floyd Leech
87%
Jade Leech
86%
Trey Clover
85%
Cater Diamond
84%
Jack Howl
83%
Jamil Viper
82%
Leona Kingscholar
82%
Rook Hunt
82%
Ruggie Bucchi
78%
Silver
78%
Azul Ashengrotto
75%
Idia Shroud
75%
Malleus Draconia
75%
Ortho Shroud
73%
Kalim Al-Asim
72%
Lilia Vanrouge
62%
Sebek Zigvolt
62%
Vil Schoenheit
62%
Dire Crowley
53%
Sam
52%
Grim
47%
Divus Crewel
43%
Epel Felmeir
37%
Mozus Trein
34%
Ashton Vargas
33%

Score Distribution

Percentile by Number Answered

Percent of People with Each Score

Your Score History

You have not taken this quiz